000
00318nam a22001457a 4500
003
OSt
005
20220318092547.0
008
220318b |||||||| |||| 00| 0 eng d
020
_a
9788180141706
040
_c
HU
082
_a
693.5
100
_a
Gupta
_9
1644
245
_a
Concrete Technology
942
_2
ddc
_c
BOOKS
_n
0
999
_c
33100
_d
33100